"Égi megbízás" alapján írta verseit szomorú sorok Nagy Gáspárról

Bibliographic Details
Main Author: Szabó, András Gy (Author)
Format: Article
Language:Hungarian
PhysicalDescription:Fotogr.
ISSN:1335-7298
Subjects:

MARC

LEADER 00000nab a2200000 ar4500
001 vtls009003445
003 SK-MaSNL
005 20260319071255.0
008 070518c2007 xo ||||||h| 000 b|hun
015 |a SNBRB2007/05  |2 snkbucl 
038 |a SNKBUCL 
040 |a DSZK  |b slo  |c DSZK  |e AACR2 
041 0 |a hun 
044 |a xo  |c SK 
080 |a 82:929:821.511.141  |2 1997 
080 |a 821.511.141:929  |2 1997 
080 |a 929 Nagy, Gáspár  |2 1997 
100 1 |a Szabó, András Gy.  |4 aut  |9 841897 
245 1 0 |a "Égi megbízás" alapján írta verseit  |b szomorú sorok Nagy Gáspárról  |c Gy. Szabó András 
300 |b Fotogr. 
500 |a Text obsahuje báseň Gáspára Nagya s názvom Égi megbízás 
600 1 7 |a Nagy, Gáspár,  |d 1949-2007  |2 snkbucl  |9 69480 
655 7 |a nekrológy  |2 snkbucl  |9 402542 
773 0 |t Kálvinista szemle  |g Évf. LXXVIII, sz. 3 (2007), o. 3  |x 1335-7298 
852 |a SNK  |b KIS3GCP 
852 |a DSZK  |b KIS3GCP 
958 |a HU 
958 |a BC 
958 |a LX 
999 |c 1751701  |d 1753631